000 00794nam a2200217Ii 4500
003 JO-AjNU
008 230605s9999||||xx |||||||||||||| ||und||
017 _a1991/8/366
040 _aJO-AjNU
_bara
_erda
_cJO-AjNU
041 _aara
050 1 4 _aJQ1825.J67.A28 1991
100 3 _aتاليف وإعداد أبو خوصة، أحمد,
_eauthor
_919993
245 0 0 _aالديمقراطية والأحزاب السياسية الأردنية تحت التأسيس، الجزء الأول
250 _aط1
264 3 1 _aعمان: د.ن، 1991
300 _aج1، 132ص
336 _atext
_btxt
_2rdacontent
337 _aunmediated
_bn
_2rdamedia
338 _avolume
_bnc
_2rdacarrier
650 4 _aالأحزاب السياسية - الأردن - الديمقراطية - الأردن
_919994
999 _aA6698
_c10266
_d10266